000 00638pam a2200229 a 4500
001 534860
005 20171214043031.0
008 870912s1988 nyuaf b 001 0 eng
010 _a 87040308
020 _a0670819093 :
_c$24.95
040 _aDLC
_cDLC
_dDLC
041 _aeng
043 _an-us-ma
080 _a362.82
082 0 0 _a362.82 GOR
_219
100 1 _a18
101 _aSHP
245 1 0 _aHeroes of their own lives :
_cLinda Gordon.
504 _aBibliography: p. 313-372.
906 _a7
_bcbc
_corignew
_d1
_eocip
_f19
_gy-gencatlg
942 _2ddc
_cBK
999 _c38912
_d38912